书目信息 |
| 题名: |
后勤业务法律法规选编
|
|
| 作者: | 办公室 编 | |
| 分册: | ||
| 出版信息: | 北京 蓝天出版社 1992.5 |
|
| 页数: | 390页 | |
| 开本: | 19cm | |
| 丛书名: | ||
| 单 册: | ||
| 中图分类: | D9 | |
| 科图分类: | ||
| 主题词: | 法律 | |
| 电子资源: | ||
| ISBN: | 7-80081-283-9 | |
| 000 | 00532nam0 2200193 45 | |
| 001 | 0308271048 | |
| 005 | 20030827104524.9 | |
| 010 | @a7-80081-283-9@dRMB1.30 | |
| 100 | @a20030827d1992 km y0chiy0120 ea | |
| 101 | @achi | |
| 105 | @a z 000yy | |
| 200 | 1 | @a后勤业务法律法规选编@Ahou qin ye wu fa lu fa gui xuan bian@f办公室编@Fban gong shi bian |
| 210 | @a北京@c蓝天出版社@d1992.5 | |
| 215 | @a390页@c无图表@d19cm | |
| 606 | 0 | @a法律 |
| 690 | @aD9@v3 | |
| 701 | 0 | @a办公室@4编 |
| 801 | @aCN@b@c20030827 | |
| 905 | @aBZT@dD9@e31 | |
| 后勤业务法律法规选编/办公室编.-北京:蓝天出版社,1992.5 |
| 390页:无图表;19cm |
| ISBN 7-80081-283-9:RMB1.30 |
| ● |
| 相关链接 |
|
|
|
正题名:后勤业务法律法规选编
索取号:D9/31
 
预约/预借
| 序号 | 登录号 | 条形码 | 馆藏地/架位号 | 状态 | 备注 |
| 1 | 22566 | 200059024 | 中心书库南/012架A面2层6列/ [索取号:D9/31] | 在馆 | |
| 2 | 22567 | 200059033 | 中心书库南/012架A面2层6列/ [索取号:D9/31] | 在馆 | |
| 3 | 22568 | 200058980 | 中心书库南/012架A面2层6列/ [索取号:D9/31] | 在馆 | |
| 4 | 22569 | 200058999 | 中心书库南/012架A面2层6列/ [索取号:D9/31] | 在馆 | |
| 5 | 22570 | 200059006 | 中心书库南/012架A面2层6列/ [索取号:D9/31] | 在馆 | |
| 6 | 22571 | 200059015 | 中心书库南/012架A面2层6列/ [索取号:D9/31] | 在馆 |